Normal view
MARC view
- Swami Ramdev Ji Maharaj
Entry Personal Name
001 - CONTROL NUMBER
- control field: 96371
003 - CONTROL NUMBER IDENTIFIER
- control field: OSt
005 - DATE AND TIME OF LATEST TRANSACTION
- control field: 20221007214054.0
008 - FIXED-LENGTH DATA ELEMENTS
- fixed length control field: 221007|| aca||aabn | a|a d
040 ## - CATALOGING SOURCE
- Original cataloging agency: OSt
- Transcribing agency: OSt
100 ## - HEADING--PERSONAL NAME
- Personal name: Swami Ramdev Ji Maharaj
670 ## - SOURCE DATA FOUND
- Source citation: Work cat.: (OSt)60740: Swami Ramdev Ji Maharaj, Bhakti Gitanjali Part - 2, 2008